| 000 | 00644nam a2200217 u 4500 | ||
|---|---|---|---|
| 005 | 20220816063946.0 | ||
| 008 | 131009s2007 mx r 000 0 spa d | ||
| 020 | _a9689083031 | ||
| 035 | _aUPN01000193618 | ||
| 049 | _aI | ||
| 050 | 4 |
_aPQ7390 C3.2 _bC3.2 |
|
| 100 | 1 |
_aCabrera Delgado, Luis, _d1945- _934488 |
|
| 245 | 1 | 4 |
_aLos caballos de Miguel / _cLuis Cabrera Delgado ; il. Leticia Barradas. |
| 260 |
_aMéxico : _bJunco, _c2007. |
||
| 300 |
_a67 p. _bil. |
||
| 440 | 0 |
_aLa pluma mágica ; _v3 |
|
| 650 | 4 |
_aLITERATURA INFANTIL CUBANA _912234 |
|
| 650 | 0 |
_aAmistad en la literatura _910763 |
|
| 905 | _aInfantil | ||
| 999 |
_c165719 _d165719 |
||